Fórmula 1 - Todas as Equipes campeãs - Statistics

Estatísticas Gerais
  • Esse quiz foi jogado 693 vezes
  • A pontuação média é 8 de 15
Estatísticas das Respostas
Número de Campeonatos Equipe % Correto
16 Ferrari
100%
8 McLaren
97%
1 Mercedes-Benz
95%
4 Red Bull
92%
9 Williams
88%
7 Lotus
71%
2 Renault
71%
1 Brawn
48%
1 Benetton
47%
2 Brabham
45%
1 Tyrrell
25%
2 Cooper
21%
1 BRM
19%
1 Matra
16%
1 Vanwall
13%
Nenhum quiz correspondente encontrado
Distribuição das Pontuações
Porcentagem de Pessoas com Cada Pontuação
Percentil de Números Respondidos
Sua Pontuação Histórica
Você não jogou esse quiz